|
|
|
|
| LEADER |
00905nam a2200253 4500 |
| 001 |
28628 |
| 003 |
BD-DhAAL |
| 005 |
20141125110949.0 |
| 008 |
141125r19671925enk 000 1 eng |
| 010 |
|
|
|a 73178719
|
| 015 |
|
|
|a GB72-13535
|
| 020 |
|
|
|a 0856179302
|
| 040 |
|
|
|a DLC
|c DLC
|d DLC
|d BD-DhAAL
|
| 050 |
0 |
0 |
|a PZ3.W1525
|b Mi8
|a PR6045.A327
|
| 082 |
0 |
0 |
|a 823/.9/12
|
| 100 |
1 |
|
|a Wallace, Edgar,
|d 1875-1932.
|9 6217
|
| 245 |
1 |
4 |
|a The mind of Mr. J. G. Reeder /
|c Wallace, Edgar.
|
| 260 |
|
|
|a London :
|b Pan Books Ltd,
|c 1967.
|
| 300 |
|
|
|a 160 p.
|c 19 cm.
|
| 541 |
|
|
|e 19628
|
| 650 |
|
0 |
|a Public prosecutors
|v Fiction.
|9 6218
|
| 942 |
|
|
|2 ddc
|c BK
|
| 999 |
|
|
|c 33125
|d 33125
|
| 952 |
|
|
|0 0
|1 0
|2 ddc
|4 0
|6 823_912000000000000_WAL
|7 0
|9 44216
|a BRACUL
|b BRACUL
|c GEN
|d 2014-11-25
|e BRAC Institute of Language (BIL)
|l 1
|o 823.912 WAL
|p 3010028628
|r 2022-10-20
|s 2022-10-19
|t 1
|w 2014-11-25
|y BK
|x Transferred from BIL to BRACUL on 06/06/22
|